| 000 | 00980cam a2200277 a 4500 | ||
|---|---|---|---|
| 001 | 652911 | ||
| 003 | GBCCL | ||
| 005 | 20241126110330.0 | ||
| 008 | 940701s1994 miua b 001 0 eng | ||
| 010 | _a 94022638 | ||
| 020 | _a0801043948 | ||
| 040 |
_aDLC _cDLC _dDLC |
||
| 050 | 0 | 0 |
_aBV2063 _b.H46 1994 |
| 082 | 0 | 0 |
_a266.001 _220 _bHIE |
| 100 | 1 |
_aHiebert, Paul G., _d1932- _92217 |
|
| 245 | 1 | 0 |
_aAnthropological reflections on missiological issues / _cPaul G. Hiebert. |
| 260 |
_aGrand Rapids, Mich. : _bBaker Books, _cc1994, 2001 |
||
| 300 |
_a272 p. : _bill. ; _c23 cm. |
||
| 504 | _aIncludes bibliographical references (p. 255-261) and index. | ||
| 650 | 0 |
_aMissions _xTheory. _948 |
|
| 650 | 0 |
_aMissions _xAnthropological aspects. _92221 |
|
| 650 | 0 |
_aChristianity and culture. _9886 |
|
| 906 |
_a7 _bcbc _corignew _d1 _eocip _f19 _gy-gencatlg |
||
| 942 |
_2ddc _cBK _07 |
||
| 999 |
_c116 _d116 |
||